| 000 | 01006cam a22003133a 4500 | ||
|---|---|---|---|
| 001 | 21373 | ||
| 003 | PGUSA | ||
| 005 | 20140828083444.0 | ||
| 008 | 070508s2007||||xxu|||||s|||||000 1 eng d | ||
| 040 |
_aPGUSA _beng |
||
| 042 | _adc | ||
| 050 | 4 | _aPZ | |
| 100 | 1 |
_aFenn, George Manville, _d1831-1909 |
|
| 245 | 1 | 0 |
_aSyd Belton : _bThe Boy Who Would Not Go to Sea _h[electronic resource] / _cGeorge Manville Fenn |
| 260 |
_bProject Gutenberg, _c2007 |
||
| 506 | _aPublic domain in the USA. | ||
| 516 | _aElectronic text | ||
| 653 | _aSailors -- Juvenile fiction | ||
| 653 | _aConduct of life -- Juvenile fiction | ||
| 653 | _aUncles -- Juvenile fiction | ||
| 653 | _aCourage -- Juvenile fiction | ||
| 653 | _aSeafaring life -- Juvenile fiction | ||
| 653 | _aVoyages and travels -- Juvenile fiction | ||
| 653 | _aAdmirals -- Juvenile fiction | ||
| 700 | 1 |
_aBrowne, Gordon, _d1858-1932 |
|
| 830 | 0 |
_aProject Gutenberg _v21373 |
|
| 856 | 4 | 0 | _uhttp://www.gutenberg.org/ebooks/21373 |
| 942 | _cEB | ||
| 999 |
_c250628 _d250628 |
||